000 00344cam a2200169ua 4500
001 9900
008 140526n ii |||gr||||Z||||||eng
040 _aMAIN
041 _aEnglish
082 _bMAH
100 _aMaheswari.
245 _aBanking Law Practica
250 _a7th.
260 _aDelhi:
_bKalyani.
300 _a575.
942 _cBK
999 _c9886
_d9886